ZTM Gdańsk - 8 - Statystyki

Ogólne statystyki
  • Ten quiz został rozwiązany 44 razy
  • Średni wynik to 26 z 38
Statystyki odpowiedzi
Ulica Przystanek % Poprawnych
Pomorska Jelitkowo
90%
Nowotna Stogi
90%
Podwale Przedmiejskie Akademia Muzyczna
81%
Wały Jagiellońskie Brama Wyżynna
81%
Podwale Przedmiejskie Chmielna
81%
Podwale Przedmiejskie Żabi Kruk
81%
Podwale Grodzkie Dworzec Główny
77%
Siennicka Głęboka
77%
Lenartowicza Lenartowicza
77%
Podwale Przedmiejskie Okopowa
77%
Lenartowicza Przeróbka
77%
Stryjewskiego Zimna
77%
Rzeczypospolitej Zaspa
74%
Podwale Przedmiejskie Brama Żuławska
71%
Chłopska Kołobrzeska
71%
Legionów Legionów
71%
Mickiewicza Mickiewicza
71%
Jana z Kolna Plac Solidarności
71%
Chłopska Pomorska
71%
Jana z Kolna Stocznia SKM
71%
Marynarki Polskiej Twarda
71%
Wosia Budzysza Ugory eMOCja
71%
Hallera Reja
68%
Chłopska Bora-Komorowskiego
65%
Rzeczypospolitej Jana Pawła II
65%
Rzeczypospolitej Startowa
65%
Rzeczypospolitej Bajana
61%
Chłopska Czerwony Dwór
61%
Wosia Budzysza Kaczeńce
61%
Hallera Wyspiańskiego
61%
Rzeczypospolitej Żwirki i Wigury
61%
Chłopska Piastowska
58%
Legionów Plac Komorowskiego
58%
Kliniczna Politechnika SKM
58%
Jana z Kolna Stocznia Północna
58%
Wosia Budzysza Sucharskiego
58%
Pomorska Helska
55%
Pomorska Osiedle Wejhera
55%
Nie znaleziono quizów pasujących do podanych kryteriów
Rozkład punktacji
Procent ludzi z każdym wynikiem
Percentyl według liczby udzielonych odpowiedzi
Twoja historia wyników
Nie rozwiązałeś tego quizu